Pokemon by first and last letters - gen 5 - Statistics

General Stats
  • This quiz has been taken 38 times
    36 since last reset
  • The average score is 12 of 20
Answer Stats
First Answer Last % Correct
Y Yamask K
90%
D Darumaka A
86%
O Oshawott T
86%
E Escavalier/Emboar R
79%
G Golurk K
79%
Z Zoroark K
76%
K Keldeo O
72%
B Beheeyem M
66%
L Litwick K
66%
M Mandibuzz Z
66%
W Whirlipede E
62%
G Gigalith H
59%
C Conkeldurr R
45%
F Fraxure E
45%
H Hydreigon N
41%
S Sigilyph H
41%
V Vanillish H
41%
C Cryogonal L
31%
F Ferroseed D
31%
G Gothitelle E
31%
No matching quizzes found
Score Distribution
Percent of People with Each Score
Percentile by Number Answered
Your Score History
You have not taken this quiz since the last reset